[Event "ONJK 2018 FGH"]
[Site "Borne, Netherlands"]
[Date "2018.08.07"]
[Round "5.1"]
[White "Plomp, Mateo"]
[Black "Govoreanu, Matei"]
[Result "1/2-1/2"]
[WhiteElo "1321"]
[BlackElo "1073"]
[PlyCount "46"]
[EventDate "2018.??.??"]

1. e4 c5 2. c3 Nc6 3. d4 cxd4 4. cxd4 d6 5. Nf3 Bd7 6. Nc3 e6 7. Bc4 Be7 8. d5
exd5 9. Bxd5 Nf6 10. Bc4 O-O 11. O-O Bg4 12. h3 Bh5 13. Be2 Bg6 14. Bd3 Bh5 15.
Re1 Ne5 16. Be2 Bxf3 17. Bxf3 Nxf3+ 18. Qxf3 Nd7 19. Bf4 Ne5 20. Qe3 Bf6 21.
Nd5 Re8 22. Nxf6+ Qxf6 23. Bg5 Qe6 1/2-1/2

[Event "ONJK 2018 FGH"]
[Site "Borne, Netherlands"]
[Date "2018.08.07"]
[Round "5.2"]
[White "Fallaux, Storm"]
[Black "Kazarjan, Gachatur"]
[Result "0-1"]
[WhiteElo "902"]
[BlackElo "1077"]
[PlyCount "76"]
[EventDate "2018.??.??"]

1. e4 e6 2. Nf3 d5 3. exd5 exd5 4. d4 Be7 5. Nc3 Nf6 6. Bd3 O-O 7. Bf4 Bb4 8.
O-O Nc6 9. a3 Bxc3 10. bxc3 Bg4 11. h3 Nh5 12. Bxc7 Bxf3 13. Qxf3 Qg5 14. c4
dxc4 15. Bxc4 Nxd4 16. Qxb7 Qc5 17. Ba2 Rac8 18. Bh2 Ne2+ 19. Kh1 Qxc2 20. Qxa7
Kh8 21. Bd6 Rfd8 22. Bxf7 Nhf4 23. Bxf4 Nxf4 24. Qb7 Rc7 25. Rac1 Qxc1 26. Rxc1
Rxb7 27. Ba2 Rbd7 28. Rc4 Rd4 29. Rc5 Nd3 30. Rc2 Rf8 31. f3 g6 32. Rd2 Rfd8
33. Re2 Nf4 34. Rc2 Rd1+ 35. Kh2 R8d2 36. Rc8+ Kg7 37. Rc7+ Kh6 38. Bg8 Rxg2#
0-1

[Event "ONJK 2018 FGH"]
[Site "Borne, Netherlands"]
[Date "2018.08.07"]
[Round "5.3"]
[White "Madularea, David"]
[Black "Cappan, Stan"]
[Result "1-0"]
[WhiteElo "1085"]
[BlackElo "1065"]
[PlyCount "112"]
[EventDate "2018.??.??"]

1. Nf3 Nc6 2. d4 d5 3. c4 Nf6 4. Nc3 dxc4 5. e3 Bf5 6. Bxc4 e6 7. Bd2 Bb4 8.
Qb3 O-O 9. a3 Bd6 10. Qxb7 Na5 11. Qb5 Nxc4 12. Qxc4 Rb8 13. b4 e5 14. dxe5 Be6
15. Qe2 Be7 16. exf6 Bxf6 17. O-O Qd6 18. Rad1 Qc6 19. Nd4 Qd6 20. Bc1 c5 21.
Nc2 Qc6 22. Nb1 cxb4 23. Nxb4 Qc5 24. Na6 Qc8 25. Nxb8 Bc4 26. Qc2 Bxf1 27.
Qxc8 Rxc8 28. Kxf1 Rxb8 29. Nd2 Rd8 30. Ke2 Rc8 31. Ne4 Rc2+ 32. Kf3 Bh4 33. g3
Be7 34. Rd7 Kf8 35. Rxa7 Ke8 36. Bd2 Rc6 37. Bb4 Bd8 38. Ra8 f5 39. Ng5 h6 40.
Nh3 g5 41. Ba5 g4+ 42. Kf4 Rc4+ 43. Kxf5 Rc5+ 44. Kxg4 Rxa5 45. Rxa5 Bxa5 46.
f4 Bc3 47. e4 Bg7 48. a4 Kd7 49. Kh5 Ke7 50. a5 Kf6 51. a6 Bf8 52. a7 Bg7 53.
a8=Q Kf7 54. Qb7+ Kg8 55. Qc8+ Bf8 56. e5 Kh8 1-0

[Event "ONJK 2018 FGH"]
[Site "Borne, Netherlands"]
[Date "2018.08.07"]
[Round "5.4"]
[White "Verwer, Oscar"]
[Black "Trunz, Tamila"]
[Result "1/2-1/2"]
[WhiteElo "904"]
[BlackElo "1128"]
[PlyCount "148"]
[EventDate "2018.??.??"]

1. e4 e5 2. Nf3 Nc6 3. d4 exd4 4. Nxd4 Nxd4 5. Qxd4 Be7 6. Bc4 d6 7. Nc3 Nf6 8.
O-O O-O 9. Bg5 Re8 10. Rad1 Nxe4 11. Bxe7 Qxe7 12. Rfe1 Bf5 13. f3 c5 14. Qd5
Nxc3 15. bxc3 Qd7 16. Rxe8+ Rxe8 17. Qxd6 Re1+ 18. Rxe1 Qxd6 19. Re8+ Qf8 20.
Rxf8+ Kxf8 21. Kf2 Bxc2 22. g4 Ke7 23. Ke3 f6 24. f4 Kd6 25. h4 h6 26. Kd2 Be4
27. Ke3 Bd5 28. Kd3 a6 29. Bxd5 Kxd5 30. c4+ Ke6 31. a4 a5 32. Ke4 g6 33. f5+
gxf5+ 34. gxf5+ Kd6 35. h5 b6 36. Kf4 b5 37. cxb5 Kd5 38. Ke3 c4 39. Kd2 Kc5
40. Kc3 Kd5 41. Kc2 Kc5 42. Kc3 Kd5 43. Kc2 Kc5 44. Kd2 Kd5 45. Kc3 Kc5 46. Kc2
Kd5 47. Kd2 Kc5 48. Kc2 Kd5 49. Kb2 Kc5 50. Kc1 Kd5 51. Kd1 Kc5 52. Kc2 Kd5 53.
Kb1 Kc5 54. Kb2 Kb6 55. Ka2 Kc5 56. Kb1 Kb6 57. Kc1 Kc5 58. Kd1 Kb6 59. Kd2 Kc5
60. Ke3 Kd5 61. Kd2 Kc5 62. Ke3 Kd5 63. Ke2 Kc5 64. Ke1 Kb6 65. Kd2 Kc5 66. Ke3
Kd5 67. Ke2 Kc5 68. Kd2 Kb6 69. Kc2 Kc5 70. Kc3 Kd5 71. Kb2 Kc5 72. Kc3 Kd5 73.
Kc2 Kc5 74. Kc3 Kd5 1/2-1/2

[Event "ONJK 2018 FGH"]
[Site "Borne, Netherlands"]
[Date "2018.08.07"]
[Round "5.5"]
[White "Mernier, Simon"]
[Black "Hesse, Frederik"]
[Result "1-0"]
[WhiteElo "1263"]
[BlackElo "779"]
[PlyCount "209"]
[EventDate "2018.??.??"]

1. e4 e5 2. Nf3 Nc6 3. Bb5 Nf6 4. O-O Nxe4 5. Re1 a6 6. Bxc6 Ng5 7. Nxg5 Qxg5
8. d4 Qd8 9. Rxe5+ Be7 10. Bd5 d6 11. Re1 Be6 12. Bxe6 fxe6 13. Rxe6 O-O 14.
Nc3 Bh4 15. Re2 Qf6 16. Be3 Qg6 17. Nd5 Rf3 18. a4 Bg5 19. Bxg5 Qxg5 20. Nxc7
Raf8 21. Ne6 Qg6 22. Nxf8 Kxf8 23. Re8+ Kxe8 24. Qe2+ Kf8 25. Qxf3+ Kg8 26.
Qd5+ Kf8 27. Qxb7 Qxc2 28. Qb8+ Kf7 29. Qb7+ Kf8 30. Qb4 Kf7 31. a5 Qe2 32. Re1
Qc2 33. Qxd6 h6 34. Qc7+ Qxc7 35. Kf1 Qc4+ 36. Kg1 Qxd4 37. g3 Qxb2 38. Rd1 Qb5
39. Ra1 Qe5 40. Ra3 Qe1+ 41. Kg2 Qe4+ 42. Kg1 Qb1+ 43. Kg2 Qc2 44. h4 Qc6+ 45.
Kh2 g5 46. hxg5 hxg5 47. Ra2 Qh6+ 48. Kg2 g4 49. Ra3 Qh3+ 50. Kg1 Qh6 51. Kg2
Qc6+ 52. Kh2 Qc5 53. Ra2 Qc4 54. Ra3 Qf1 55. Ra2 Qh3+ 56. Kg1 Ke6 57. Re2+ Kd5
58. Rd2+ Kc5 59. Ra2 Qh8 60. Kg2 Qg8 61. Ra1 Qd5+ 62. Kg1 Qd4 63. Ra2 Qd1+ 64.
Kh2 Qd5 65. Ra1 Qd8 66. Ra2 Qg8 67. Re2 Qh7+ 68. Kg1 Qg8 69. Re5+ Kb4 70. Rf5
Qb8 71. Rd5 Qc8 72. Re5 Qc7 73. Rd5 Qc1+ 74. Kh2 Qc2 75. Kg1 Qe4 76. Rg5 Qe1+
77. Kg2 Qe4+ 78. Kg1 Qe1+ 79. Kg2 Qe7 80. Rh5 Qe4+ 81. Kg1 Qf3 82. Rg5 Qc6 83.
Rh5 Qc7 84. Kf1 Qxa5 85. Rxa5 Kxa5 86. f4 gxf3 87. g4 Kb5 88. g5 a5 89. g6 a4
90. g7 a3 91. g8=Q Kb4 92. Kf2 Kc3 93. Qa2 Kb4 94. Kxf3 Ka4 95. Qc4+ Ka5 96.
Qb3 Ka6 97. Qxa3+ Kb6 98. Qc3 Kb5 99. Ke4 Kb6 100. Qc4 Kb7 101. Qc5 Ka8 102.
Qb5 Ka7 103. Kd5 Ka8 104. Kc6 Ka7 105. Qb7# 1-0

[Event "ONJK 2018 FGH"]
[Site "Borne, Netherlands"]
[Date "2018.08.07"]
[Round "5.6"]
[White "Huang, Luna"]
[Black "Thijsen, Freek"]
[Result "1-0"]
[WhiteElo "704"]
[BlackElo "619"]
[PlyCount "119"]
[EventDate "2018.??.??"]

1. e4 e5 2. Nf3 Nc6 3. Bc4 Bc5 4. c3 Nf6 5. d3 d6 6. h3 Bd7 7. Bg5 h6 8. Bh4
O-O 9. b4 Bb6 10. Nbd2 Nb8 11. O-O Bc6 12. b5 Be8 13. Re1 Nbd7 14. a4 Ba5 15.
Rc1 c6 16. bxc6 bxc6 17. Qe2 d5 18. exd5 cxd5 19. Bxd5 Rc8 20. Nxe5 Rc5 21.
Nxd7 Bxd7 22. Bc4 Re8 23. Qf3 Rxe1+ 24. Rxe1 Bxc3 25. Bxf6 Qxf6 26. Qxf6 Bxf6
27. Ne4 Re5 28. Nxf6+ gxf6 29. Rxe5 fxe5 30. g4 Be6 31. Bxe6 fxe6 32. Kg2 Kf7
33. Kf3 Ke7 34. Ke4 Kd6 35. a5 a6 36. h4 Kc5 37. Kxe5 Kb5 38. Kxe6 Kxa5 39. g5
hxg5 40. hxg5 Kb5 41. g6 a5 42. g7 a4 43. g8=Q a3 44. Qb8+ Ka4 45. Qa7+ Kb3 46.
d4 a2 47. d5 Kb2 48. d6 a1=Q 49. Qxa1+ Kxa1 50. d7 Kb2 51. d8=Q Kc2 52. f4 Kc3
53. f5 Kc2 54. f6 Kc3 55. f7 Kc2 56. f8=Q Kc3 57. Qc5+ Kb3 58. Qd3+ Kb2 59.
Qdc2+ Ka1 60. Qa3# 1-0

[Event "ONJK 2018 FGH"]
[Site "Borne, Netherlands"]
[Date "2018.08.07"]
[Round "6.1"]
[White "Govoreanu, Matei"]
[Black "Kazarjan, Gachatur"]
[Result "1/2-1/2"]
[WhiteElo "1073"]
[BlackElo "1077"]
[PlyCount "53"]
[EventDate "2018.??.??"]

1. c4 e6 2. g3 c6 3. Bg2 d5 4. cxd5 cxd5 5. Nf3 Nc6 6. O-O g6 7. Nc3 Bg7 8. d3
Nf6 9. Bf4 a6 10. Qd2 O-O 11. Rac1 Bd7 12. Rfe1 Rc8 13. e4 d4 14. Ne2 Qb6 15.
Bd6 Rfe8 16. Bc5 Qb5 17. Bxd4 Nxd4 18. Nexd4 Qa4 19. b3 Qa3 20. Rxc8 Rxc8 21.
b4 Ba4 22. h3 Nd7 23. e5 Bf8 24. Rb1 b5 25. Ne1 Nxe5 26. Bb7 Rd8 27. Nb3
1/2-1/2

[Event "ONJK 2018 FGH"]
[Site "Borne, Netherlands"]
[Date "2018.08.07"]
[Round "6.2"]
[White "Madularea, David"]
[Black "Plomp, Mateo"]
[Result "1-0"]
[WhiteElo "1085"]
[BlackElo "1321"]
[PlyCount "83"]
[EventDate "2018.??.??"]

1. Nf3 e6 2. d4 f5 3. c4 Nf6 4. Nc3 g6 5. Bg5 Bg7 6. e4 h6 7. Bxf6 Qxf6 8. e5
Qe7 9. Qb3 O-O 10. Bd3 d6 11. O-O Nd7 12. Rfe1 b6 13. Qa3 Bb7 14. exd6 cxd6 15.
d5 e5 16. Nd2 Nc5 17. Bc2 Rad8 18. b4 Na6 19. Rab1 Qg5 20. Nf3 Qf4 21. b5 Nc5
22. Kh1 e4 23. Ng1 Qxf2 24. Re2 Qd4 25. Nd1 Qxc4 26. Rd2 a5 27. Ne3 Qb4 28.
Rxb4 axb4 29. Qxb4 Ra8 30. Bb3 Nd3 31. Qxd6 f4 32. Nc2 e3 33. Rxd3 Rf6 34. Qe7
Ra7 35. Qe8+ Bf8 36. h3 Ra8 37. Qe5 Rf5 38. Qe6+ Kg7 39. Nf3 Bc8 40. Qc6 Rf6
41. Qxa8 e2 42. Qxc8 1-0

[Event "ONJK 2018 FGH"]
[Site "Borne, Netherlands"]
[Date "2018.08.07"]
[Round "6.3"]
[White "De Vreugt Pezo, Max"]
[Black "Fallaux, Storm"]
[Result "1-0"]
[WhiteElo "976"]
[BlackElo "902"]
[PlyCount "71"]
[EventDate "2018.??.??"]

1. e4 e5 2. Nf3 Nc6 3. Nc3 Bc5 4. Bb5 d6 5. d3 Bd7 6. h3 h6 7. O-O Nf6 8. Nd5
Nxd5 9. exd5 Nd4 10. Bxd7+ Qxd7 11. Nxd4 Bxd4 12. c3 Bb6 13. Re1 O-O 14. Be3 c6
15. Bxb6 axb6 16. d4 cxd5 17. dxe5 Rfe8 18. exd6 Rxe1+ 19. Qxe1 Re8 20. Qd2
Qxd6 21. Rd1 Rd8 22. b3 b5 23. Qd4 Qc6 24. c4 Qd7 25. cxd5 Qd6 26. Qa7 b6 27.
Qa6 Qc5 28. Qb7 Qc2 29. Re1 Qxa2 30. Qxb6 Rxd5 31. Qc6 Qxb3 32. Qc8+ Kh7 33.
Re8 Qd1+ 34. Kh2 Rd2 35. Qf5+ g6 36. Qxf7# 1-0

[Event "ONJK 2018 FGH"]
[Site "Borne, Netherlands"]
[Date "2018.08.07"]
[Round "6.4"]
[White "Trunz, Tamila"]
[Black "Mernier, Simon"]
[Result "0-1"]
[WhiteElo "1128"]
[BlackElo "1263"]
[PlyCount "106"]
[EventDate "2018.??.??"]

1. e4 c5 2. Nc3 Nc6 3. f4 e6 4. Nf3 d5 5. Bb5 Nf6 6. Ne5 Bd7 7. Nxd7 Nxd7 8.
exd5 exd5 9. Nxd5 Nd4 10. Bc4 b5 11. Be2 Nb6 12. Nxb6 axb6 13. O-O Qd7 14. Re1
Be7 15. c3 Nf5 16. Bg4 Ra7 17. Qb3 Rb7 18. Bxf5 Qxf5 19. Qxb5+ Qd7 20. Qxd7+
Rxd7 21. Re4 O-O 22. d4 f5 23. Re6 Rf6 24. Re5 cxd4 25. cxd4 Rfd6 26. Be3 g6
27. Rc1 Kf7 28. Rc8 Rb7 29. Rc4 b5 30. Rb4 Rdb6 31. d5 Bxb4 32. Bxb6 Rxb6 33.
a3 Bd6 34. Re6 Bc5+ 35. Kf1 Rxe6 36. dxe6+ Kxe6 37. b4 Be3 38. g3 Bc1 39. Ke1
Bxa3 40. Kd2 Bxb4+ 41. Kd3 Be1 42. Kc2 Bf2 43. Kb3 Bg1 44. Kb4 Bxh2 45. Kxb5
Bxg3 46. Kc4 Bxf4 47. Kd4 h5 48. Kc5 h4 49. Kc6 h3 50. Kb7 h2 51. Kc8 h1=Q 52.
Kd8 Qh7 53. Kc8 Qc7# 0-1

[Event "ONJK 2018 FGH"]
[Site "Borne, Netherlands"]
[Date "2018.08.07"]
[Round "6.5"]
[White "Vijver, Jonathan"]
[Black "Verwer, Oscar"]
[Result "1-0"]
[WhiteElo "738"]
[BlackElo "904"]
[PlyCount "145"]
[EventDate "2018.??.??"]

1. c4 c5 2. Nc3 Nc6 3. g3 g6 4. Bg2 Bg7 5. Nf3 Nf6 6. a3 O-O 7. Rb1 a5 8. d4
Qb6 9. Na4 Qc7 10. Bf4 Qd8 11. d5 Nb8 12. O-O d6 13. Qc2 Bf5 14. Qb3 Bxb1 15.
Rxb1 Qc7 16. Bh3 Nbd7 17. Bxd7 Qxd7 18. Nb6 Qf5 19. Nd2 Rab8 20. e4 Nxe4 21.
Nxe4 Rbd8 22. Re1 Be5 23. Bh6 Bg7 24. Bxg7 Kxg7 25. Qc3+ Kg8 26. Nd2 e6 27.
dxe6 fxe6 28. Qe3 Rde8 29. Nf3 Qxf3 30. Qxf3 Rxf3 31. Kg2 Rf7 32. b4 Ref8 33.
f4 axb4 34. axb4 cxb4 35. Rxe6 Rf6 36. Re1 Kg7 37. Nd7 R8f7 38. Nxf6 Kxf6 39.
Kf3 Kf5 40. g4+ Kf6 41. Rb1 Ke6 42. Rxb4 h6 43. h4 g5 44. hxg5 hxg5 45. f5+ Ke5
46. Rb5+ Kd4 47. Rd5+ Kxc4 48. Rxd6 b5 49. Ke4 b4 50. Rc6+ Kb5 51. Rc1 b3 52.
Ke5 Kb4 53. Ke6 Rg7 54. f6 Rg8 55. f7 Rf8 56. Ke7 Ra8 57. f8=Q Rxf8 58. Kxf8 b2
59. Rb1 Ka3 60. Rxb2 Kxb2 61. Kg7 Kc3 62. Kg6 Kd4 63. Kxg5 Ke5 64. Kg6 Ke6 65.
g5 Ke7 66. Kh7 Ke6 67. g6 Kf6 68. g7 Kg5 69. g8=Q+ Kh5 70. Qg1 Kh4 71. Kg6 Kh3
72. Kf5 Kh4 73. Qg4# 1-0

[Event "ONJK 2018 FGH"]
[Site "Borne, Netherlands"]
[Date "2018.08.07"]
[Round "6.6"]
[White "Formanoy, David"]
[Black "Huang, Luna"]
[Result "0-1"]
[WhiteElo "299"]
[BlackElo "704"]
[PlyCount "128"]
[EventDate "2018.??.??"]

1. e4 e5 2. Bc4 Nf6 3. d3 c6 4. Qe2 Bc5 5. Nf3 d6 6. Bd2 Nbd7 7. O-O h6 8. h3
O-O 9. a3 Nb6 10. Bb3 Re8 11. a4 a5 12. Bc3 Be6 13. Bxe6 fxe6 14. Nh2 Qe7 15.
Nd2 Ra7 16. Ra2 Bb4 17. Bxb4 axb4 18. g3 Rxa4 19. Rxa4 Nxa4 20. b3 Nc3 21. Qf3
Rf8 22. Qg2 Ne2+ 23. Kh1 Qf7 24. f3 Nd4 25. Rg1 Qg6 26. g4 Qg5 27. Qf2 Nh7 28.
h4 Qf6 29. g5 hxg5 30. hxg5 Nxg5 31. Qh4 Ngxf3 32. Ndxf3 Nxf3 33. Nxf3 Qxf3+
34. Rg2 Rf4 35. Qg3 Qxg3 36. Rxg3 Rf1+ 37. Kg2 Rc1 38. Rf3 Rxc2+ 39. Rf2 Rxf2+
40. Kxf2 Kf7 41. Ke3 g6 42. Kf3 Kf6 43. Kg4 g5 44. Kg3 d5 45. exd5 exd5 46. Kg4
c5 47. Kf3 Kf5 48. Ke3 g4 49. Kf2 Kf4 50. Kg2 g3 51. Kg1 Kf3 52. Kf1 g2+ 53.
Kg1 e4 54. dxe4 dxe4 55. Kh2 Kf2 56. Kh3 g1=Q 57. Kh4 Qg3+ 58. Kh5 Kf3 59. Kh6
Qg4 60. Kh7 Qg5 61. Kh8 e3 62. Kh7 e2 63. Kh8 e1=Q 64. Kh7 Qeh4# 0-1

[Event "ONJK 2018 FGH"]
[Site "Borne, Netherlands"]
[Date "2018.08.07"]
[Round "6.7"]
[White "Rooijakkers, Liam"]
[Black "Gang, Kevin"]
[Result "1-0"]
[WhiteElo "523"]
[BlackElo "449"]
[PlyCount "55"]
[EventDate "2018.??.??"]

1. e4 e5 2. Nf3 Bc5 3. Nxe5 Bxf2+ 4. Kxf2 Qh4+ 5. g3 Qxe4 6. Bg2 Qxe5 7. Re1
Qxe1+ 8. Kxe1 Nf6 9. d4 O-O 10. Nd2 Re8+ 11. Kf2 d5 12. h3 h5 13. Nf3 Ne4+ 14.
Kf1 Nxg3+ 15. Kg1 Nc6 16. Kh2 Nf5 17. Qd3 Nb4 18. Qb5 Nxc2 19. Qxe8+ Kh7 20.
Rb1 Ncxd4 21. Nxd4 Nxd4 22. Bxd5 c6 23. Be4+ f5 24. Be3 fxe4 25. Qxe4+ Kh8 26.
Bxd4 Bd7 27. Qg6 Rg8 28. Qxh5# 1-0

[Event "ONJK 2018 FGH"]
[Site "Borne, Netherlands"]
[Date "2018.08.08"]
[Round "7.1"]
[White "Kazarjan, Gachatur"]
[Black "Madularea, David"]
[Result "1-0"]
[WhiteElo "1077"]
[BlackElo "1085"]
[PlyCount "87"]
[EventDate "2018.??.??"]

1. d4 Nf6 2. Nf3 g6 3. g3 Bg7 4. Bg2 O-O 5. Nc3 d5 6. O-O Nc6 7. Bf4 Bf5 8. a3
a6 9. Re1 Qd7 10. Ne5 Nxe5 11. dxe5 Ne4 12. Nxd5 Nc5 13. b4 Na4 14. e4 Be6 15.
Qe2 c6 16. Ne3 f6 17. Rad1 Qc8 18. Qd2 g5 19. exf6 Bxf6 20. e5 gxf4 21. exf6
Rxf6 22. Nf1 f3 23. Bh1 Kf7 24. Qd3 Bf5 25. Qb3+ Be6 26. Qxa4 b5 27. Qa5 Qb8
28. Nd2 Bd5 29. Re3 Qb7 30. Nxf3 Bxf3 31. Bxf3 Rd6 32. Rde1 Re8 33. Bh5+ Rg6
34. Bxg6+ hxg6 35. a4 Kf8 36. axb5 cxb5 37. Qa2 Kg7 38. Qe6 Qa8 39. Qd7 Kf8 40.
Rxe7 Rd8 41. Rf7+ Kg8 42. Rg7+ Kh8 43. Rh7+ Kg8 44. Qf7# 1-0

[Event "ONJK 2018 FGH"]
[Site "Borne, Netherlands"]
[Date "2018.08.08"]
[Round "7.2"]
[White "Govoreanu, Matei"]
[Black "De Vreugt Pezo, Max"]
[Result "1/2-1/2"]
[WhiteElo "1073"]
[BlackElo "976"]
[PlyCount "76"]
[EventDate "2018.??.??"]

1. e4 e5 2. Nf3 Nc6 3. Bc4 h6 4. O-O Nf6 5. Nc3 Bb4 6. d3 O-O 7. Bd2 d6 8. h3
Bd7 9. a3 Ba5 10. b4 Bb6 11. Be3 Bxe3 12. fxe3 Re8 13. d4 exd4 14. Nxd4 Ne5 15.
Be2 Be6 16. Nxe6 Rxe6 17. Nd5 c6 18. Nf4 Re8 19. Rc1 d5 20. exd5 cxd5 21. Bf3
Nxf3+ 22. Rxf3 Qd7 23. Rg3 Rad8 24. c3 b5 25. Nh5 Nxh5 26. Qxh5 Qe6 27. Re1 a6
28. Qg4 Qxg4 29. Rxg4 f6 30. Rd4 Re4 31. Rdd1 Kf7 32. Kf2 Ke6 33. Kf3 g5 34. g4
Ke5 35. Re2 Rd7 36. Ree1 Rd6 37. Rd3 Rc6 38. Red1 Rd6 1/2-1/2

[Event "ONJK 2018 FGH"]
[Site "Borne, Netherlands"]
[Date "2018.08.08"]
[Round "7.3"]
[White "Plomp, Mateo"]
[Black "Lopes, Samuel"]
[Result "1-0"]
[WhiteElo "1321"]
[BlackElo "591"]
[PlyCount "59"]
[EventDate "2018.??.??"]

1. e4 e5 2. Nf3 Nc6 3. Bc4 Bc5 4. O-O Nf6 5. d4 exd4 6. e5 Ne4 7. Re1 d5 8.
exd6 Bf5 9. dxc7 Qxc7 10. Nbd2 Bb4 11. Ng5 Qf4 12. Ndxe4 Bxe1 13. Bxf4 Bb4 14.
Nxf7 Rf8 15. Nfd6+ Bxd6 16. Nxd6+ Kd8 17. Nxf5 Rxf5 18. Qg4 g6 19. Be6 Rc5 20.
Bd6 h5 21. Qh4+ Ke8 22. Bxc5 b6 23. Bd6 Rd8 24. Ba3 b5 25. Bc5 a5 26. Qg5 Rb8
27. Qxg6+ Kd8 28. Qg8+ Kc7 29. Qf7+ Kd8 30. Qd7# 1-0

[Event "ONJK 2018 FGH"]
[Site "Borne, Netherlands"]
[Date "2018.08.08"]
[Round "7.4"]
[White "Mernier, Simon"]
[Black "Pereira Garza, Cecilia"]
[Result "1/2-1/2"]
[WhiteElo "1263"]
[BlackElo "818"]
[PlyCount "131"]
[EventDate "2018.??.??"]

1. e4 e6 2. d4 d5 3. Nc3 Nc6 4. Nf3 Bb4 5. e5 f6 6. Bb5 Bxc3+ 7. bxc3 Bd7 8.
Rb1 a6 9. Bd3 b5 10. Ba3 fxe5 11. dxe5 Nge7 12. O-O Ng6 13. Bxg6+ hxg6 14. Re1
Na5 15. Nd2 Nc4 16. Nxc4 dxc4 17. Qf3 Rc8 18. Qe4 Qg5 19. Re3 Qf5 20. Qxf5 gxf5
21. Rg3 Kf7 22. Re1 Rh7 23. f4 Rch8 24. h3 Rg8 25. Rd1 Ke8 26. Bc5 Rh5 27. Rf3
g5 28. fxg5 Rhxg5 29. Rf2 Bc6 30. Rdd2 f4 31. Kh2 Rxe5 32. Bd4 Reg5 33. Bf6
R5g6 34. Rd8+ Kf7 35. Rxg8 Rxg8 36. Be5 f3 37. Bxc7 Rxg2+ 38. Rxg2 fxg2 39. Kg1
Kf6 40. h4 Kg6 41. Bd8 e5 42. Bg5 Bf3 43. Kf2 e4 44. Kg1 a5 45. a3 a4 46. Kf2
Kh5 47. Kg1 Kg6 48. Be3 Kf5 49. Kh2 Kg4 50. Bf2 e3 51. Bxe3 Kxh4 52. Kg1 Kh3
53. Bf4 Bd1 54. Be5 Bxc2 55. Kf2 Be4 56. Kg1 Kg4 57. Kf2 Bd5 58. Kg1 Kf3 59.
Bd4 Ke2 60. Bc5 Kd2 61. Bb4 Kc2 62. Kf2 Kd2 63. Kg1 Ke1 64. Bc5 Kd2 65. Bb4 Ke2
66. Bc5 1/2-1/2

[Event "ONJK 2018 FGH"]
[Site "Borne, Netherlands"]
[Date "2018.08.08"]
[Round "7.5"]
[White "Vijver, Jonathan"]
[Black "Kommessin, Felix"]
[Result "0-1"]
[WhiteElo "738"]
[BlackElo "786"]
[PlyCount "62"]
[EventDate "2018.??.??"]

1. c4 e5 2. Nc3 Nf6 3. g3 Bc5 4. Bg2 O-O 5. Nf3 Nc6 6. O-O d6 7. a3 a5 8. Rb1
Be6 9. d3 h6 10. Bd2 Qe7 11. e3 Rfe8 12. d4 exd4 13. exd4 Nxd4 14. Nxd4 Bxd4
15. b4 Bd7 16. Re1 Qf8 17. Rxe8 Rxe8 18. bxa5 Qe7 19. Rxb7 Bf5 20. a6 Ra8 21.
Qa4 Qd8 22. a7 Nd7 23. Rb8 Rxb8 24. axb8=Q Nxb8 25. Nb5 Bc5 26. Ba5 Qf6 27. Bc3
Qg5 28. Qa8 Qc1+ 29. Bf1 Bh3 30. Qxb8+ Kh7 31. Qb7 Qxf1# 0-1

[Event "ONJK 2018 FGH"]
[Site "Borne, Netherlands"]
[Date "2018.08.08"]
[Round "7.7"]
[White "Rooijakkers, Liam"]
[Black "Thijsen, Freek"]
[Result "0-1"]
[WhiteElo "523"]
[BlackElo "619"]
[PlyCount "104"]
[EventDate "2018.??.??"]

1. e4 e6 2. d4 d5 3. exd5 exd5 4. Nc3 Nf6 5. Bd3 Qe7+ 6. Nce2 Bg4 7. f3 Be6 8.
Nc3 Bh3+ 9. Nge2 Bxg2 10. Rg1 Bxf3 11. Bd2 Nc6 12. Rg3 Bh5 13. Re3 Ne4 14. Nxe4
O-O-O 15. c3 dxe4 16. Rxe4 Qf6 17. Qc2 Bg6 18. Rf4 Bxd3 19. Qxd3 Qe6 20. O-O-O
Re8 21. Ng3 Bd6 22. Re1 Qd5 23. Rf3 Rxe1+ 24. Bxe1 Re8 25. Bd2 g6 26. c4 Qe6
27. Re3 Qd7 28. Rxe8+ Qxe8 29. Qf1 Nxd4 30. Qh3+ Qe6 31. Qxh7 Qxc4+ 32. Bc3
Ne2+ 33. Nxe2 Qxe2 34. Qg8+ Kd7 35. Qxf7+ Be7 36. Bb4 Kd8 37. Qg8+ Kd7 38. Bxe7
Qxe7 39. Qa8 Qe3+ 40. Kb1 Qd2 41. a3 b6 42. Qxa7 g5 43. Qa4+ c6 44. Qa7+ Kd6
45. Qxb6 g4 46. Qb8+ Kd5 47. Qg3 Ke4 48. a4 Qg2 49. b3 c5 50. b4 c4 51. b5 c3
52. b6 c2+ 0-1

[Event "ONJK 2018 FGH"]
[Site "Borne, Netherlands"]
[Date "2018.08.08"]
[Round "8.1"]
[White "Cappan, Stan"]
[Black "Kazarjan, Gachatur"]
[Result "1-0"]
[WhiteElo "1065"]
[BlackElo "1077"]
[PlyCount "93"]
[EventDate "2018.??.??"]

1. e4 e6 2. d4 d5 3. Bd3 Nc6 4. exd5 exd5 5. Nc3 Nf6 6. Nf3 Be7 7. Bf4 Bg4 8.
h3 Bxf3 9. Qxf3 Nxd4 10. Qe3 Nc6 11. O-O d4 12. Qg3 Nh5 13. Qg4 Nxf4 14. Qxf4
dxc3 15. bxc3 O-O 16. Qe4 g6 17. Rab1 Rb8 18. Bb5 Na5 19. Rfe1 Bf6 20. c4 c6
21. Ba4 Re8 22. Qg4 Bd4 23. Rxe8+ Qxe8 24. Qxd4 a6 25. Rb6 Rd8 26. Qc5 Qe1+ 27.
Kh2 Re8 28. Qd4 Qe5+ 29. Qxe5 Rxe5 30. Bb3 Re4 31. Rb4 b5 32. a4 c5 33. cxb5
Rxb4 34. bxa6 Rb8 35. Bd5 Nc4 36. a7 Rd8 37. a8=Q Rxa8 38. Bxa8 f5 39. Bd5+ Kf8
40. Bxc4 Ke8 41. a5 Kd8 42. Bd5 Kc8 43. a6 Kb8 44. Kg3 Ka7 45. Bc4 g5 46. Bd3
f4+ 47. Kg4 1-0

[Event "ONJK 2018 FGH"]
[Site "Borne, Netherlands"]
[Date "2018.08.08"]
[Round "8.2"]
[White "De Vreugt Pezo, Max"]
[Black "Plomp, Mateo"]
[Result "1/2-1/2"]
[WhiteElo "976"]
[BlackElo "1321"]
[PlyCount "70"]
[EventDate "2018.??.??"]

1. e4 e6 2. Nf3 d5 3. e5 c5 4. d4 Nc6 5. Be3 Qb6 6. b3 Nge7 7. dxc5 Qc7 8. Bb5
Nf5 9. Qd2 Bd7 10. Bxc6 Qxc6 11. b4 a5 12. c3 axb4 13. cxb4 Nxe3 14. Qxe3 b6
15. Nd4 Qc7 16. Nb3 Rc8 17. N1d2 bxc5 18. bxc5 Bxc5 19. Nxc5 Qxc5 20. Qxc5 Rxc5
21. O-O O-O 22. Nf3 Ra8 23. Rfe1 h6 24. h3 Rc2 25. a3 Rc3 26. Re3 Rxe3 27. fxe3
f6 28. exf6 gxf6 29. Kf2 Kg7 30. Kg3 e5 31. h4 Ra4 32. Kf2 e4 33. Nd4 f5 34.
Kg3 Kf6 35. Kf4 h5 1/2-1/2

[Event "ONJK 2018 FGH"]
[Site "Borne, Netherlands"]
[Date "2018.08.08"]
[Round "8.3"]
[White "Madularea, David"]
[Black "Govoreanu, Matei"]
[Result "0-1"]
[WhiteElo "1085"]
[BlackElo "1073"]
[PlyCount "138"]
[EventDate "2018.??.??"]

1. d4 d5 2. c4 e6 3. Nc3 Nf6 4. c5 Be7 5. Bf4 Bd7 6. e3 Nc6 7. Bd3 O-O 8. Nf3
b6 9. cxb6 axb6 10. Qc2 Nb4 11. Qe2 Nxd3+ 12. Qxd3 c5 13. O-O Bc8 14. Rfe1 Ba6
15. Qc2 cxd4 16. Nxd4 Rc8 17. Qd1 Bb4 18. Rc1 Ne4 19. Qb3 Bxc3 20. bxc3 Re8 21.
Bg3 Bc4 22. Qb2 Ra8 23. a3 Qe7 24. Ra1 h6 25. Nc6 Qc5 26. Nb4 b5 27. Be5 Rac8
28. Bd4 Qd6 29. f4 f6 30. a4 bxa4 31. Rxa4 e5 32. fxe5 fxe5 33. Ra6 Bxa6 34.
Nxa6 Qxa6 35. Qb6 Qxb6 36. Bxb6 Nxc3 37. Rf1 Rf8 38. Ra1 Ne2+ 39. Kh1 Rc1+ 40.
Rxc1 Nxc1 41. h3 d4 42. exd4 exd4 43. Bxd4 Ne2 44. Bb2 Rf2 45. Ba3 Kf7 46. Bc5
Rf6 47. Ba3 Nf4 48. Bb2 Rb6 49. Bd4 Rc6 50. Be3 Ne6 51. Kh2 g5 52. g3 Kg6 53.
Kg2 h5 54. Kh2 Rc2+ 55. Kg1 g4 56. h4 Rc3 57. Bf2 Ng7 58. Kg2 Nf5 59. Kh2 Kf6
60. Kg2 Ke5 61. Kh2 Ke4 62. Kg2 Rc2 63. Kf1 Kf3 64. Kg1 Nxg3 65. Bxg3 Kxg3 66.
Kf1 Kxh4 67. Kg1 g3 68. Kf1 Kh3 69. Kg1 Rc1# 0-1

[Event "ONJK 2018 FGH"]
[Site "Borne, Netherlands"]
[Date "2018.08.08"]
[Round "8.4"]
[White "Verwer, Oscar"]
[Black "Mernier, Simon"]
[Result "0-1"]
[WhiteElo "904"]
[BlackElo "1263"]
[PlyCount "156"]
[EventDate "2018.??.??"]

1. e4 e5 2. Nf3 Nc6 3. Nc3 Nf6 4. d4 exd4 5. Nxd4 Bc5 6. Nxc6 bxc6 7. Bc4 Bb4
8. Qf3 O-O 9. O-O Bxc3 10. bxc3 d5 11. Bd3 dxe4 12. Bxe4 Bg4 13. Qf4 Qd6 14.
Qxd6 cxd6 15. Bxc6 Rac8 16. Ba4 Rxc3 17. Bb2 Rc4 18. Bb3 Rb4 19. Bc3 Rb6 20.
Rab1 Rfb8 21. Bd4 R6b7 22. Rb2 a5 23. Rfb1 Kf8 24. Bxf6 gxf6 25. a4 Be6 26. h3
d5 27. Kh1 d4 28. Kg1 d3 29. cxd3 Rxb3 30. Rxb3 Rxb3 31. Rd1 Ra3 32. d4 Bd5 33.
Kf1 Rxa4 34. g3 Rb4 35. h4 Rb6 36. Ke2 a4 37. Ra1 Ra6 38. Kd2 a3 39. Kc2 a2 40.
Kb2 Ra4 41. f3 Bxf3 42. Rxa2 Rxa2+ 43. Kxa2 Kg7 44. Kb2 Kg6 45. Kc2 Kh5 46. Kd3
Kg4 47. Ke3 Kxg3 48. Kd3 Kxh4 49. Ke3 Ba8 50. Kf4 Bd5 51. Kf5 h5 52. Kxf6 Kg3
53. Kg5 h4 54. Kf5 h3 55. Ke5 h2 56. Kxd5 h1=Q+ 57. Kc5 Qc1+ 58. Kd5 f5 59. Ke5
f4 60. d5 f3 61. d6 Qc5+ 62. Ke6 Qxd6+ 63. Kxd6 f2 64. Kc6 f1=Q 65. Kd5 Qf4 66.
Kc5 Qe4 67. Kd6 Qf5 68. Kc6 Qe5 69. Kb6 Qd5 70. Kc7 Qe6 71. Kb7 Qd6 72. Ka7 Qc6
73. Kb8 Qd7 74. Ka8 Kf4 75. Kb8 Ke5 76. Ka8 Kd6 77. Kb8 Kc6 78. Ka8 Qb7# 0-1